00909cam a2200217Ia 450000500170000000800410001702000180005802000180007603501110009404000500020504100080025524500860026326000480034930000660039750400530046365000370051665000280055365000460058170000360062770000280066320151021160858.0151021s2011 xxuabd fr 001 0 eng d a9780387776491 z9781461413882 a(OCoLC)663096978z(OCoLC)498055663z(OCoLC)647845740z(OCoLC)680039244z(OCoLC)771173638z(OCoLC)889170038 aCO-BoUCMbspacSandra PalaciodSandra Palacio0 aeng00aHandbook of quantitative criminologycEditado por Alex R. Piquero, David Weisburd aNueva York (Estados Unidos)bSpringerc2011 axiii, 787 páginasbilustraciones, mapas, tablas y diagramas aIncluye referencias bibliográficas e índices 7aCriminología xInvestigación 7aEstadística criminal  7aCriminología xAspectos metodológicos1 aPiquero, Alexis Russelleeditor1 aWeisburd, Davideeditor